00425nam a2200181Ia 4500003000400000005001700004008004100021020001900062040000700081041000800088082001700096100001200113245003600125260004500161300000900206650001400215700001400229OSt20250930122637.0250729s2005 xx 000 0 und d a978-8171692279 cAL aeng a371.333 RAOR aRao V K aResources of effective teaching aNew DelhibCommonwealth Publishersc2005 a256p aEducation aReddy R S